[Event "TUR-ch Seniors 50"]
[Site "Ankara"]
[Date "2023.05.21"]
[Round "3"]
[White "Elmas, Mustafaa"]
[Black "Keles, Cengiz Ozdemir"]
[Result "0-1"]
[WhiteElo "1581"]
[BlackElo "2007"]
[PlyCount "76"]
[EventDate "2023.05.19"]
[EventType "swiss"]
[EventRounds "9"]
[EventCountry "TUR"]
[SourceTitle "CBM 214 Extra"]
[Source "ChessBase"]
[SourceDate "2023.07.31"]
[SourceVersion "1"]
[SourceVersionDate "2023.07.31"]
[SourceQuality "1"]

1. e4 c5 2. Nf3 Nc6 3. d4 cxd4 4. Nxd4 Nf6 5. Nc3 e6 6. a3 Be7 7. Be2 a6 8. Be3 Qc7 9. 0-0 d6 10. Qd2 Bd7 11. Rad1 Rc8 12. Nxc6 Bxc6 13. f3 0-0 14. Bd3 Rfd8 15. Qf2 Nd7 16. f4 b5 17. f5 Ne5 18. Qg3 Kh8 19. Qh3 Bd7 20. Rd2 Qb7 21. Bd4 Bf6 22. Be3 Nxd3 23. Rxd3 exf5 24. exf5 Bc6 25. Rf2 Be4 26. Bd4 Bxd3 27. Bxf6 gxf6 28. Qxd3 Rc5 29. Rd2 Qe7 30. g4 Qe1+ 31. Kg2 Re5 32. Rd1 Qh4 33. Qf3 Rde8 34. Rd3 Rg8 35. h3 Rge8 36. Qg3 Qh6 37. Nd5 Qc1 38. h4 Re2+ 0-1